| 000 | 00507nam a22001577a 4500 | ||
|---|---|---|---|
| 005 | 20240110140939.0 | ||
| 008 | 200225b xxu||||| |||| 00| 0 eng d | ||
| 020 | _a978-93-85915-80-2 | ||
| 041 | _aeng | ||
| 100 |
_aRAJASEKARAN, V N _95123 |
||
| 245 | _a DIPLOMA IN PHARMACY PHARMACEUTICAL CHEMISTRY-1 THEORY AND PRACTICAL | ||
| 260 |
_aNEW DELHI _bCBS |
||
| 300 | _a266p, | ||
| 650 |
_aPHARMACY _xD.PHARMA |
||
| 942 | _cBK | ||
| 999 |
_c6041 _d6039 |
||